| 000 | 00875cam a2200157 4500500 | ||
|---|---|---|---|
| 005 | 20251116012831.0 | ||
| 041 | _afre | ||
| 042 | _adc | ||
| 100 | 1 | 0 |
_aMouroux, Capucine _eauthor |
| 245 | 0 | 0 | _aStratégie climat : une recomposition capital-travail dans l’industrie aéronautique européenne ? |
| 260 | _c2025. | ||
| 500 | _a35 | ||
| 520 | _aLa revue Limite a été un lieu de confrontation avec les enjeux de l’écologie politique, de la part de chrétiens principalement catholiques. Cherchant à dépasser les clivages, son lectorat demeure ancré à droite et elle s’arrête de paraître, sous l’effet conjugué des dissensions internes et de la poussée de l’extrême-droite. | ||
| 786 | 0 | _nBifurcation/s | 3 | 2 | 2025-10-13 | p. I-XII | 3074-5373 | |
| 856 | 4 | 1 | _uhttps://shs.cairn.info/revue-bifurcations-2025-2-page-I?lang=fr&redirect-ssocas=7080 |
| 999 |
_c1563319 _d1563319 |
||